000 00722nam a2200289Ia 4500
005 20260324115431.0
008 008 260324s9999 xx 000 0 eng d
020 _a9781315150697
037 _aEBOOK
040 _aCRL
040 _beng
040 _cCRL
041 _2eng
041 _aeng
084 _qCRL
100 _aKazuhiro Shikinaka
_91154649
245 0 _aFunctionalization of Molecular Architectures
245 0 _bAdvances and Applications on Low-Dimensional Compounds
260 _bTaylor and Francis
260 _c2018
365 _a
365 _b240
856 _uhttp://www.taylorfrancis.com/books/9781315150697
942 _cEBOOK
999 _c1745530
_d1745530